[Event "SVK-ch U16"]
[Site "Dudince"]
[Date "2023.04.18"]
[Round "4"]
[White "Kapinaj, Matus"]
[Black "Vozar, Adam"]
[Result "1-0"]
[WhiteElo "1000"]
[BlackElo "1558"]
[PlyCount "65"]
[EventDate "2023.04.16"]
[EventType "swiss"]
[EventRounds "9"]
[EventCountry "SVK"]
[SourceTitle "CBM 213 Extra"]
[Source "ChessBase"]
[SourceDate "2023.05.31"]
[SourceVersion "1"]
[SourceVersionDate "2023.05.31"]
[SourceQuality "1"]

1. e4 c5 2. d4 cxd4 3. Nf3 Nc6 4. c3 g6 5. cxd4 Bg7 6. Nc3 Nf6 7. Be3 Qa5 8. Bd3 d5 9. 0-0 0-0 10. h3 Nb4 11. e5 Ne8 12. Ne1 f6 13. f4 Nc7 14. Be2 fxe5 15. fxe5 Rxf1+ 16. Bxf1 Bf5 17. a3 Nc6 18. Bd3 Bxd3 19. Nxd3 b5 20. Nc5 b4 21. Ne2 Nb5 22. a4 Nc7 23. b3 Rf8 24. Nf4 Bh6 25. Qd2 Nxe5 26. Nfe6 Bxe3+ 27. Qxe3 Nxe6 28. Nxe6 Rf6 29. Qxe5 Qb6 30. Re1 a5 31. Qxd5 Rf5 32. Re5 Rxe5 33. Qxe5 1-0

[Event "SVK-chT2A 2223"]
[Site "Slovakia"]
[Date "2023.02.12"]
[Round "9.8"]
[White "Boros, David"]
[Black "Vozar, Adam"]
[Result "1/2-1/2"]
[WhiteElo "1326"]
[BlackElo "1553"]
[PlyCount "65"]
[EventDate "2022.10.08"]
[EventType "team-tourn"]
[EventRounds "11"]
[EventCountry "SVK"]
[SourceTitle "EXT 2024"]
[Source "ChessBase"]
[SourceDate "2023.10.10"]
[SourceVersion "1"]
[SourceVersionDate "2023.10.10"]
[SourceQuality "1"]
[WhiteTeam "Dunajska Streda II"]
[BlackTeam "Osuske II"]
[WhiteTeamCountry "SVK"]
[BlackTeamCountry "SVK"]

1. e4 c5 2. Nf3 Nc6 3. d4 cxd4 4. Nxd4 g6 5. Nc3 Bg7 6. Be3 Nf6 7. Bc4 0-0 8. 0-0 a6 9. a4 Qc7 10. Nd5 Nxd5 11. Bxd5 e6 12. Bb3 d5 13. exd5 exd5 14. Nxc6 bxc6 15. Bd4 Bf5 16. Bxg7 Kxg7 17. Qd4+ Kg8 18. Rfe1 Rfe8 19. f3 Qa5 20. Kf2 Rab8 21. Re3 Be6 22. Rd1 c5 23. Qe5 c4 24. Bxc4 Qxa4 25. Bb3 Qc6 26. Qd4 Red8 27. Rc3 Qd6 28. g3 Rb4 29. Qc5 d4 30. Qxd6 Rxd6 31. Rcd3 Bxb3 32. Rxb3 Rc4 33. Rd2 1/2-1/2

[Event "SVK-chT3A2 2223"]
[Site "Slovakia"]
[Date "2023.01.22"]
[Round "5.4"]
[White "Vozar, Adam"]
[Black "Sarmir, Milos"]
[Result "0-1"]
[WhiteElo "1539"]
[BlackElo "1994"]
[PlyCount "60"]
[EventDate "2022.10.16"]
[EventType "team-tourn"]
[EventRounds "9"]
[EventCountry "SVK"]
[SourceTitle "EXT 2024"]
[Source "ChessBase"]
[SourceDate "2023.10.10"]
[SourceVersion "1"]
[SourceVersionDate "2023.10.10"]
[SourceQuality "1"]
[WhiteTeam "Senica CVC"]
[BlackTeam "Cifer II"]
[WhiteTeamCountry "SVK"]
[BlackTeamCountry "SVK"]

1. e4 e5 2. f4 exf4 3. Nf3 d6 4. Bc4 Be7 5. 0-0 Nf6 6. Nc3 0-0 7. d4 a6 8. Bxf4 b5 9. Be2 b4 10. e5 Nh5 11. Nd5 Nxf4 12. Nxf4 Bb7 13. Qe1 c5 14. Rd1 cxd4 15. e6 Qc7 16. exf7+ Rxf7 17. Ne6 Qb6 18. Bd3 Bxf3 19. Rxf3 Rxf3 20. gxf3 Nc6 21. Qg3 Bf6 22. Qh3 g6 23. Qg3 Ne5 24. f4 Nxd3 25. cxd3 Qa5 26. Qf3 Re8 27. Qc6 Rxe6 28. Qc8+ Kf7 29. Rc1 Qf5 30. Qb7+ Be7 0-1

[Event "SVK-chT3A2 2223"]
[Site "Slovakia"]
[Date "2022.10.16"]
[Round "1.5"]
[White "Mitas, Daniel"]
[Black "Vozar, Adam"]
[Result "1/2-1/2"]
[WhiteElo "1333"]
[BlackElo "1539"]
[PlyCount "44"]
[EventDate "2022.10.16"]
[EventType "team-tourn"]
[EventRounds "9"]
[EventCountry "SVK"]
[SourceTitle "EXT 2024"]
[Source "ChessBase"]
[SourceDate "2023.10.10"]
[SourceVersion "1"]
[SourceVersionDate "2023.10.10"]
[SourceQuality "1"]
[WhiteTeam "Surovce"]
[BlackTeam "Senica CVC"]
[WhiteTeamCountry "SVK"]
[BlackTeamCountry "SVK"]

1. d4 f5 2. c4 Nf6 3. Nf3 e6 4. Bg5 Be7 5. Nc3 0-0 6. e3 Ne4 7. Bxe7 Qxe7 8. Rc1 c6 9. c5 b6 10. b4 d6 11. Bd3 bxc5 12. bxc5 dxc5 13. Nxe4 fxe4 14. Bxe4 cxd4 15. Nxd4 Qh4 16. Bf3 e5 17. Nxc6 Nxc6 18. Qd5+ Kh8 19. Qxc6 Bg4 20. 0-0 Bxf3 21. gxf3 Qg5+ 22. Kh1 Qf5 1/2-1/2

[Event "SVK-chT2A 2223"]
[Site "Slovakia"]
[Date "2022.10.09"]
[Round "2.8"]
[White "Vozar, Adam"]
[Black "Bohunicky, Pavol"]
[Result "1-0"]
[WhiteElo "1553"]
[BlackElo "1565"]
[PlyCount "59"]
[EventDate "2022.10.08"]
[EventType "team-tourn"]
[EventRounds "11"]
[EventCountry "SVK"]
[SourceTitle "CBM 210 Extra"]
[Source "ChessBase"]
[SourceDate "2022.11.30"]
[SourceVersion "1"]
[SourceVersionDate "2022.11.30"]
[SourceQuality "1"]
[WhiteTeam "Osuske II"]
[BlackTeam "Cifer"]
[WhiteTeamCountry "SVK"]
[BlackTeamCountry "SVK"]

1. e4 e5 2. f4 d6 3. Nf3 Nc6 4. Bc4 exf4 5. d4 g5 6. 0-0 Bg4 7. h3 Bh5 8. Re1 f6 9. e5 dxe5 10. Nxe5 Bxd1 11. Nxc6+ Qe7 12. Nxe7 Nxe7 13. Rxd1 0-0-0 14. Nc3 Nc6 15. Nd5 Bg7 16. b4 f5 17. Bb2 g4 18. Nxf4 Bxd4+ 19. Bxd4 Rxd4 20. Rxd4 Nxd4 21. c3 Nc2 22. Be6+ Kb8 23. Rc1 Na3 24. Rd1 Nb5 25. Nd5 gxh3 26. gxh3 Nd6 27. Nf4 Rf8 28. c4 b6 29. c5 bxc5 30. bxc5 1-0

[Event "SVK-chT4 A21 2122"]
[Site "Slovakia"]
[Date "2022.05.29"]
[Round "7.4"]
[White "Vozar, Adam"]
[Black "Horak, Viliam"]
[Result "1-0"]
[WhiteElo "1525"]
[BlackElo "1220"]
[PlyCount "43"]
[EventDate "2021.10.17"]
[EventType "team-tourn"]
[EventRounds "11"]
[EventCountry "SVK"]
[SourceTitle "EXT 2024"]
[Source "ChessBase"]
[SourceDate "2023.10.10"]
[SourceVersion "1"]
[SourceVersionDate "2023.10.10"]
[SourceQuality "1"]
[WhiteTeam "Stefanov"]
[BlackTeam "Holic II"]
[WhiteTeamCountry "SVK"]
[BlackTeamCountry "SVK"]

1. e4 e5 2. f4 d6 3. Nf3 Nc6 4. Bc4 Be7 5. 0-0 Nf6 6. Nc3 Be6 7. Bxe6 fxe6 8. Ng5 Qd7 9. fxe5 Nxe5 10. d4 Nc6 11. d5 exd5 12. exd5 Ne5 13. Ne6 Rg8 14. Bg5 c6 15. Bxf6 Bxf6 16. Ne4 Qe7 17. Nxf6+ gxf6 18. Qh5+ Kd7 19. Rad1 cxd5 20. Nf4 Rg5 21. Qh3+ Kc7 22. Nxd5+ 1-0

[Event "SVK-chT3A2 2122"]
[Site "Slovakia"]
[Date "2022.05.08"]
[Round "7.7"]
[White "Janas, Peter"]
[Black "Vozar, Adam"]
[Result "1/2-1/2"]
[WhiteElo "1648"]
[BlackElo "1541"]
[PlyCount "73"]
[EventDate "2021.10.10"]
[EventType "team-tourn"]
[EventRounds "11"]
[EventCountry "SVK"]
[SourceTitle "EXT 2024"]
[Source "ChessBase"]
[SourceDate "2023.10.10"]
[SourceVersion "1"]
[SourceVersionDate "2023.10.10"]
[SourceQuality "1"]
[WhiteTeam "Hlohovec"]
[BlackTeam "Senica CVC"]
[WhiteTeamCountry "SVK"]
[BlackTeamCountry "SVK"]

1. d4 f5 2. Nf3 Nf6 3. c4 e6 4. Nc3 Be7 5. g3 c6 6. Bg2 d5 7. cxd5 cxd5 8. 0-0 0-0 9. Bf4 Ne4 10. Rc1 Bd7 11. Nxe4 fxe4 12. Bc7 Qe8 13. Ne5 Nc6 14. Nxc6 Bxc6 15. Be5 Bg5 16. Rc2 Qh5 17. h4 Bh6 18. Bh3 Qg6 19. e3 Bb5 20. Re1 Bd3 21. Rc7 Rxf2 22. Kxf2 Rf8+ 23. Kg2 Rf3 24. Rc8+ Kf7 25. Qc1 Qh5 26. Qc7+ Kg6 27. Bxe6 Rf2+ 28. Kxf2 Qf3+ 29. Kg1 Bxe3+ 30. Rxe3 Qxe3+ 31. Kh1 Qf3+ 32. Kg1 Qd1+ 33. Kh2 Qd2+ 34. Kg1 Qe1+ 35. Kh2 Qf2+ 36. Kh1 Qf1+ 37. Kh2 1/2-1/2

[Event "SVK-chT4 A21 2122"]
[Site "Slovakia"]
[Date "2022.02.20"]
[Round "9.5"]
[White "Kyselica, Jozef"]
[Black "Vozar, Adam"]
[Result "0-1"]
[WhiteElo "1460"]
[BlackElo "1525"]
[PlyCount "20"]
[EventDate "2021.10.17"]
[EventType "team-tourn"]
[EventRounds "11"]
[EventCountry "SVK"]
[SourceTitle "EXT 2023"]
[Source "ChessBase"]
[SourceDate "2022.10.05"]
[SourceVersion "1"]
[SourceVersionDate "2022.10.05"]
[SourceQuality "1"]
[WhiteTeam "Smolenice"]
[BlackTeam "Stefanov"]
[WhiteTeamCountry "SVK"]
[BlackTeamCountry "SVK"]

1. c4 c5 2. Nf3 Nc6 3. e3 g6 4. Nc3 Bg7 5. Be2 d6 6. 0-0 h5 7. d4 b6 8. a3 Bg4 9. h3 e6 10. Ne4 Rc8 0-1

[Event "SVK-chT3A2 2122"]
[Site "Slovakia"]
[Date "2022.02.13"]
[Round "9.7"]
[White "Petrek, Miroslav"]
[Black "Vozar, Adam"]
[Result "0-1"]
[WhiteElo "1396"]
[BlackElo "1525"]
[PlyCount "64"]
[EventDate "2021.10.10"]
[EventType "team-tourn"]
[EventRounds "11"]
[EventCountry "SVK"]
[SourceTitle "EXT 2023"]
[Source "ChessBase"]
[SourceDate "2022.10.05"]
[SourceVersion "1"]
[SourceVersionDate "2022.10.05"]
[SourceQuality "1"]
[WhiteTeam "Skalica"]
[BlackTeam "Senica CVC"]
[WhiteTeamCountry "SVK"]
[BlackTeamCountry "SVK"]

1. d4 f5 2. c4 Nf6 3. Nf3 e6 4. Nc3 Be7 5. e3 d6 6. Be2 h6 7. 0-0 0-0 8. Qc2 d5 9. cxd5 exd5 10. Ne5 Ne4 11. Bh5 Be6 12. Ne2 g5 13. b3 Nd7 14. Ng6 Rf6 15. f3 Nd6 16. Nxe7+ Qxe7 17. Qxc7 Rc8 18. Qa5 g4 19. Ba3 Bf7 20. Nf4 Qxe3+ 21. Rf2 Qxf4 22. Bxf7+ Nxf7 23. Qxd5 Rd8 24. Be7 Nb6 25. Qxb7 Rd7 26. Qa6 Rxe7 27. Rd1 Qe3 28. Kf1 Ng5 29. Qa5 Qf4 30. d5 Qxh2 31. Rfd2 gxf3 32. d6 Qh1+ 0-1

[Event "Liptovsky Jan Slovak op U2200"]
[Site "Liptovsky Jan"]
[Date "2021.06.19"]
[Round "4"]
[White "Vozar, Adam"]
[Black "Furman, Slavomir"]
[Result "0-1"]
[WhiteElo "1420"]
[BlackElo "1744"]
[PlyCount "69"]
[EventDate "2021.06.17"]
[EventType "swiss"]
[EventRounds "7"]
[EventCountry "SVK"]
[SourceTitle "CBM 203 Extra"]
[Source "ChessBase"]
[SourceDate "2021.09.30"]
[SourceVersion "1"]
[SourceVersionDate "2021.09.30"]
[SourceQuality "1"]

1. e4 e5 2. f4 exf4 3. Nf3 Nf6 4. Bc4 Nxe4 5. 0-0 d5 6. Re1 dxc4 7. Rxe4+ Be6 8. d4 cxd3 9. cxd3 Bc5+ 10. d4 Bb6 11. Bxf4 0-0 12. Nc3 c6 13. Bg5 Qc8 14. h4 Bf5 15. Re3 Bg4 16. Ne4 f6 17. Nd6 Qd7 18. Qb3+ Kh8 19. Bf4 Bxf3 20. Rxf3 Na6 21. Kh1 Nc7 22. g4 Nd5 23. Nf5 Nxf4 24. Rxf4 Qd5+ 25. Qxd5 cxd5 26. h5 Rfe8 27. Nd6 Re7 28. Raf1 Bc7 29. Nf5 Re2 30. R4f3 Rae8 31. g5 Rh2+ 32. Kg1 Ree2 33. Ne3 Rxh5 34. gxf6 Rg5+ 35. Kh1 0-1

[Event "Liptovsky Jan Slovak op U2200"]
[Site "Liptovsky Jan"]
[Date "2021.06.18"]
[Round "3"]
[White "Striskova, Lucia"]
[Black "Vozar, Adam"]
[Result "1-0"]
[WhiteElo "1775"]
[BlackElo "1420"]
[PlyCount "43"]
[EventDate "2021.06.17"]
[EventType "swiss"]
[EventRounds "7"]
[EventCountry "SVK"]
[SourceTitle "CBM 203 Extra"]
[Source "ChessBase"]
[SourceDate "2021.09.30"]
[SourceVersion "1"]
[SourceVersionDate "2021.09.30"]
[SourceQuality "1"]

1. Nf3 c5 2. c4 Nc6 3. g3 g6 4. Bg2 Bg7 5. 0-0 h5 6. e3 d6 7. h4 Bg4 8. Qc2 Qd7 9. a3 Bh3 10. Nc3 Nf6 11. d4 Bxg2 12. Kxg2 g5 13. d5 Ne5 14. Nxe5 dxe5 15. Rh1 Qg4 16. Qe2 Qd7 17. hxg5 h4 18. gxf6 h3+ 19. Kh2 Bxf6 20. Ne4 Rh6 21. Nxc5 Qf5 22. e4 1-0

[Event "Liptovsky Jan Slovak op U2200"]
[Site "Liptovsky Jan"]
[Date "2021.06.17"]
[Round "1"]
[White "Rucek, Kristian"]
[Black "Vozar, Adam"]
[Result "1-0"]
[WhiteElo "1944"]
[BlackElo "1420"]
[PlyCount "43"]
[EventDate "2021.06.17"]
[EventType "swiss"]
[EventRounds "7"]
[EventCountry "SVK"]
[SourceTitle "CBM 203 Extra"]
[Source "ChessBase"]
[SourceDate "2021.09.30"]
[SourceVersion "1"]
[SourceVersionDate "2021.09.30"]
[SourceQuality "1"]

1. d4 f5 2. e4 fxe4 3. Nc3 Nf6 4. Bg5 d5 5. Bxf6 exf6 6. Qh5+ g6 7. Qxd5 Bf5 8. Qxb7 Bh6 9. Qxa8 c6 10. Qxa7 0-0 11. Bc4+ Kh8 12. Nge2 e3 13. f3 Nd7 14. a4 Bg5 15. a5 Ne5 16. dxe5 Bh4+ 17. Kf1 fxe5 18. Qxe3 Qf6 19. Ne4 Bxe4 20. Qxe4 Re8 21. a6 Qe7 22. a7 1-0

[Event "SVK-ch U12"]
[Site "Lubovna"]
[Date "2020.08.22"]
[Round "9"]
[White "Vozar, Adam"]
[Black "Mantic, Andrej"]
[Result "1/2-1/2"]
[WhiteElo "1247"]
[BlackElo "1147"]
[PlyCount "23"]
[EventDate "2020.08.15"]
[EventType "swiss"]
[EventRounds "9"]
[EventCountry "SVK"]
[SourceTitle "EXT 2021"]
[Source "ChessBase"]
[SourceDate "2020.10.23"]
[SourceVersion "1"]
[SourceVersionDate "2020.10.23"]
[SourceQuality "1"]

1. e4 e5 2. f4 Nc6 3. Nf3 exf4 4. d4 d5 5. exd5 Qxd5 6. Nc3 Qd8 7. Bc4 Bg4 8. 0-0 Bxf3 9. Rxf3 Nf6 10. d5 Bc5+ 11. Kh1 Ne7 12. Bxf4 1/2-1/2

[Event "EU-ch U12"]
[Site "Bratislava"]
[Date "2019.08.06"]
[Round "5"]
[White "Tornaritis, Kriton"]
[Black "Vozar, Adam"]
[Result "1-0"]
[WhiteElo "1196"]
[BlackElo "1059"]
[PlyCount "55"]
[EventDate "2019.08.02"]
[EventType "swiss"]
[EventRounds "9"]
[EventCountry "SVK"]
[SourceTitle "EXT 2020"]
[Source "ChessBase"]
[SourceDate "2019.10.17"]
[SourceVersion "1"]
[SourceVersionDate "2019.10.17"]
[SourceQuality "1"]

1. e4 e5 2. Bc4 Nf6 3. d3 Bc5 4. Nc3 c6 5. Bg5 h6 6. Bh4 b5 7. Bb3 a5 8. a3 d6 9. Nf3 Nbd7 10. h3 Qb6 11. 0-0 Bb7 12. Qe2 g5 13. Bg3 Nh5 14. Bh2 Nf4 15. Bxf4 gxf4 16. Qd2 Rg8 17. Rad1 b4 18. axb4 Bxb4 19. d4 Nf6 20. dxe5 Nxe4 21. Qxf4 Ng5 22. Nxg5 Rxg5 23. Qxf7+ Kd8 24. exd6 c5 25. Nd5 Qc6 26. Qe7+ Kc8 27. Qf8+ Kd7 28. Nf6# 1-0

[Event "EU-ch U12"]
[Site "Bratislava"]
[Date "2019.08.05"]
[Round "4"]
[White "Jurky, Marian"]
[Black "Vozar, Adam"]
[Result "1-0"]
[WhiteElo "1401"]
[BlackElo "1059"]
[PlyCount "64"]
[EventDate "2019.08.02"]
[EventType "swiss"]
[EventRounds "9"]
[EventCountry "SVK"]
[SourceTitle "EXT 2020"]
[Source "ChessBase"]
[SourceDate "2019.10.17"]
[SourceVersion "1"]
[SourceVersionDate "2019.10.17"]
[SourceQuality "1"]

1. d4 d5 2. c4 e6 3. Nf3 Nf6 4. Nc3 c6 5. Bg5 Nbd7 6. Bxf6 Nxf6 7. e3 Be7 8. Be2 dxc4 9. Bxc4 b5 10. Be2 a6 11. 0-0 0-0 12. Rc1 Bb7 13. Qc2 Rc8 14. Rfd1 Qc7 15. a3 a5 16. Nxb5 Qb6 17. Nc3 c5 18. Na4 Qc6 19. Nxc5 Bxc5 20. Qxc5 Qe4 21. Qxa5 Ng4 22. Qd2 g6 23. Qd3 Qd5 24. h3 Nf6 25. Qb5 Qxb5 26. Bxb5 h6 27. Ne5 Kh8 28. Nd7 Nxd7 29. Bxd7 Rcd8 30. Rc7 Rb8 31. Rdc1 Rg8 32. R1c5 g5 1-0

[Event "EU-ch U12"]
[Site "Bratislava"]
[Date "2019.08.03"]
[Round "2"]
[White "Cappan, Pjotr"]
[Black "Vozar, Adam"]
[Result "1-0"]
[WhiteElo "1601"]
[BlackElo "1059"]
[PlyCount "67"]
[EventDate "2019.08.02"]
[EventType "swiss"]
[EventRounds "9"]
[EventCountry "SVK"]
[SourceTitle "EXT 2020"]
[Source "ChessBase"]
[SourceDate "2019.10.17"]
[SourceVersion "1"]
[SourceVersionDate "2019.10.17"]
[SourceQuality "1"]

1. e4 e5 2. Nc3 Nf6 3. g3 Bc5 4. Bg2 0-0 5. Nge2 Nc6 6. 0-0 d6 7. Na4 Bd4 8. c3 Bb6 9. Nxb6 axb6 10. d4 Be6 11. d5 Bg4 12. dxc6 bxc6 13. h3 Bh5 14. f4 exf4 15. Bxf4 Re8 16. Bg5 d5 17. Bxf6 gxf6 18. g4 Bg6 19. exd5 cxd5 20. Nf4 Be4 21. Bxe4 dxe4 22. Qxd8 Raxd8 23. Nh5 Rd6 24. Nxf6+ Kf8 25. Nxe8 Kxe8 26. Rad1 Re6 27. Rfe1 Ke7 28. Rd4 Kf6 29. Rdxe4 Rxe4 30. Rxe4 c5 31. Kf2 Kg5 32. Re5+ Kf6 33. Rd5 Ke6 34. Rh5 1-0

[Event "SVK-ch U12"]
[Site "Liptovsky Mikulas"]
[Date "2019.04.28"]
[Round "7"]
[White "Vozar, Adam"]
[Black "Sahidi, Shabir"]
[Result "1/2-1/2"]
[WhiteElo "1032"]
[BlackElo "1155"]
[PlyCount "28"]
[EventDate "2019.04.23"]
[EventType "swiss"]
[EventRounds "9"]
[EventCountry "SVK"]
[SourceTitle "CBM 190 Extra"]
[Source "ChessBase"]
[SourceDate "2019.07.15"]
[SourceVersion "1"]
[SourceVersionDate "2019.07.15"]
[SourceQuality "1"]

1. e4 e5 2. Nf3 Nc6 3. Bb5 Nf6 4. 0-0 Nxe4 5. d4 Nd6 6. Ba4 Be7 7. dxe5 Nf5 8. Qd3 d6 9. Nc3 Be6 10. Nd4 Nfxd4 11. Qxd4 0-0 12. Bxc6 bxc6 13. Be3 dxe5 14. Qxe5 Bf6 1/2-1/2

[Event "SVK-ch U12"]
[Site "Liptovsky Mikulas"]
[Date "2019.04.24"]
[Round "3"]
[White "Pivoda, Szabolcs"]
[Black "Vozar, Adam"]
[Result "0-1"]
[WhiteElo "1012"]
[BlackElo "1032"]
[PlyCount "52"]
[EventDate "2019.04.23"]
[EventType "swiss"]
[EventRounds "9"]
[EventCountry "SVK"]
[SourceTitle "CBM 190 Extra"]
[Source "ChessBase"]
[SourceDate "2019.07.15"]
[SourceVersion "1"]
[SourceVersionDate "2019.07.15"]
[SourceQuality "1"]

1. e4 e5 2. Nf3 Nc6 3. Nc3 Bb4 4. Bc4 Nf6 5. d3 0-0 6. Bd2 d6 7. Nd5 Nxd5 8. Bxd5 Bxd2+ 9. Qxd2 Bg4 10. 0-0-0 Nd4 11. Nxd4 Bxd1 12. Qxd1 exd4 13. h4 c6 14. Bb3 a5 15. h5 a4 16. Bc4 b5 17. Qg4 bxc4 18. h6 g6 19. dxc4 Qc8 20. Qg3 Qe6 21. f4 Qxe4 22. Qg5 f6 23. Qg4 a3 24. bxa3 Rfb8 25. Qd7 Qe3+ 26. Kd1 Rb1# 0-1

[Event "SVK-ch U12"]
[Site "Liptovsky Mikulas"]
[Date "2019.04.23"]
[Round "1"]
[White "Koska, Jiri"]
[Black "Vozar, Adam"]
[Result "1-0"]
[WhiteElo "1343"]
[BlackElo "1032"]
[PlyCount "61"]
[EventDate "2019.04.23"]
[EventType "swiss"]
[EventRounds "9"]
[EventCountry "SVK"]
[SourceTitle "CBM 190 Extra"]
[Source "ChessBase"]
[SourceDate "2019.07.15"]
[SourceVersion "1"]
[SourceVersionDate "2019.07.15"]
[SourceQuality "1"]

1. e4 e5 2. Nf3 Nc6 3. Nc3 Nf6 4. Bb5 Bb4 5. d3 0-0 6. 0-0 a6 7. Bxc6 dxc6 8. Nxe5 Re8 9. Nf3 Bg4 10. h3 Bh5 11. Bg5 Qd6 12. a3 Ba5 13. b4 Bb6 14. Qe2 Bxf3 15. gxf3 Qe5 16. Bd2 Bd4 17. f4 Qd6 18. Rab1 c5 19. e5 Qc6 20. Ne4 Nxe4 21. Qxe4 Qxe4 22. dxe4 Rad8 23. Rfd1 cxb4 24. Bxb4 h6 25. Rd3 b6 26. Rbd1 c5 27. Be1 Re6 28. c3 Rg6+ 29. Kf1 b5 30. cxd4 cxd4 31. Bb4 1-0

[Event "SVK-chT5 SE-SI 1819"]
[Site "Slovakia"]
[Date "2018.11.24"]
[Round "3.5"]
[White "Vozar, Adam"]
[Black "Otepka, Peter"]
[Result "1-0"]
[WhiteElo "1035"]
[BlackElo "1050"]
[PlyCount "97"]
[EventDate "2018.10.20"]
[EventType "team-tourn"]
[EventRounds "10"]
[EventCountry "SVK"]
[SourceTitle "CBM 189 Extra"]
[Source "ChessBase"]
[SourceDate "2019.06.03"]
[SourceVersion "1"]
[SourceVersionDate "2019.06.03"]
[SourceQuality "1"]
[WhiteTeam "Stefanov II"]
[BlackTeam "Senica CVC III"]
[WhiteTeamCountry "SVK"]
[BlackTeamCountry "SVK"]

1. e4 e5 2. Nf3 Nc6 3. Nc3 Nf6 4. Bb5 Bc5 5. 0-0 0-0 6. Nxe5 Nxe5 7. d4 Nf3+ 8. Qxf3 Bxd4 9. Rd1 Be5 10. Bc4 d6 11. Bg5 Be6 12. Bxe6 fxe6 13. Bf4 Bxf4 14. Qxf4 Nh5 15. Qg4 Nf4 16. g3 Ng6 17. Qxe6+ Kh8 18. Rd3 Qe7 19. Qxe7 Nxe7 20. Nd5 Nxd5 21. Rxd5 Rae8 22. Re1 Re6 23. Rb5 b6 24. f4 Rfe8 25. e5 h6 26. Kf2 Rf8 27. exd6 Rxe1 28. Kxe1 cxd6 29. Rd5 g5 30. fxg5 hxg5 31. Rxg5 Re8+ 32. Kd1 Rg8 33. Rxg8+ Kxg8 34. Kd2 Kf7 35. Ke3 Ke6 36. h4 Kf5 37. Kf3 d5 38. g4+ Kg6 39. Kf4 Kf6 40. h5 Ke6 41. h6 Kf7 42. Kf5 Kg8 43. Kf6 Kh7 44. g5 Kg8 45. g6 Kh8 46. g7+ Kh7 47. Kf5 Kg8 48. Kg6 a5 49. h7# 1-0

[Event "SVK-ch U10"]
[Site "Liptovsky Mikulas"]
[Date "2018.04.22"]
[Round "2"]
[White "Vozar, Adam"]
[Black "Mauks, Oleg"]
[Result "1-0"]
[WhiteElo "1058"]
[BlackElo "1000"]
[PlyCount "33"]
[EventDate "2018.04.21"]
[EventType "swiss"]
[EventRounds "9"]
[EventCountry "SVK"]
[SourceTitle "CBM 184 Extra"]
[Source "ChessBase"]
[SourceDate "2018.06.28"]
[SourceVersion "1"]
[SourceVersionDate "2018.06.28"]
[SourceQuality "1"]

1. e4 e5 2. Nf3 Bc5 3. Nc3 Bb6 4. Bc4 Qe7 5. 0-0 Qf6 6. d3 d5 7. Nxd5 Qg6 8. h3 Bxh3 9. Nh4 Qc6 10. gxh3 f5 11. Nxf5 Qg6+ 12. Qg4 Qe6 13. Nxg7+ Kf7 14. Qxe6+ Kxg7 15. Bh6+ Nxh6 16. Qf6+ Kg8 17. Ne7# 1-0

[Event "SVK-chT5 1718"]
[Site "Slovakia"]
[Date "2017.11.04"]
[Round "2"]
[White "Vozar, Adam"]
[Black "Parizek, Ondrej"]
[Result "1/2-1/2"]
[WhiteElo "1058"]
[BlackElo "1000"]
[PlyCount "121"]
[EventDate "2017.10.21"]
[EventType "team-tourn"]
[EventRounds "9"]
[EventCountry "SVK"]
[SourceTitle "EXT 2019"]
[Source "ChessBase"]
[SourceDate "2018.10.10"]
[SourceVersion "1"]
[SourceVersionDate "2018.10.10"]
[SourceQuality "1"]
[WhiteTeam "Stefanov II"]
[BlackTeam "Skalica III"]
[WhiteTeamCountry "SVK"]
[BlackTeamCountry "SVK"]

1. e4 e5 2. Nf3 Nf6 3. Nc3 Nc6 4. Bb5 Nd4 5. 0-0 c6 6. Bc4 d5 7. Bd3 dxe4 8. Bxe4 Nxe4 9. Nxe4 Bg4 10. Kh1 Bxf3 11. gxf3 f5 12. c3 Ne6 13. Ng3 g6 14. Qe2 Bd6 15. d4 Qf6 16. Re1 e4 17. d5 Nf4 18. Bxf4 Bxf4 19. fxe4 0-0 20. exf5 Qh4 21. Qc4 Rxf5 22. d6+ Kg7 23. Kg2 Rg5 24. Rad1 Qg4 25. Re7+ Kf6 26. Qd4+ Be5 27. Qxg4 Rxg4 28. Rxh7 Re8 29. d7 Rd8 30. h3 Rg5 31. h4 Rg4 32. Kh3 Rf4 33. Nh1 Ke6 34. Rg1 Rf6 35. Rg5 Bf4 36. Rg4 Rxd7 37. Rxd7 Kxd7 38. Ng3 Bxg3 39. Kxg3 Ke6 40. f4 Kf5 41. Rg5+ Ke4 42. Re5+ Kd3 43. Rc5 Kc2 44. b4 Rd6 45. f5 gxf5 46. Kf4 Rd5 47. h5 Rd6 48. Kxf5 b6 49. Ke5 Rh6 50. Rc4 Rxh5+ 51. Kd6 Rh6+ 52. Kc7 Kb2 53. Rxc6 Rxc6+ 54. Kxc6 Kxa2 55. Kb7 Kb3 56. b5 Kc4 57. Ka6 Kc5 58. Kxa7 Kxb5 59. Kb7 Kc5 60. c4 Kxc4 61. Kxb6 1/2-1/2

[Event "SVK-chT5 1718"]
[Site "Slovakia"]
[Date "2017.10.21"]
[Round "1"]
[White "Sefcik, Oliver"]
[Black "Vozar, Adam"]
[Result "1-0"]
[WhiteElo "1110"]
[BlackElo "1058"]
[PlyCount "79"]
[EventDate "2017.10.21"]
[EventType "team-tourn"]
[EventRounds "9"]
[EventCountry "SVK"]
[SourceTitle "EXT 2019"]
[Source "ChessBase"]
[SourceDate "2018.10.10"]
[SourceVersion "1"]
[SourceVersionDate "2018.10.10"]
[SourceQuality "1"]
[WhiteTeam "Holic III"]
[BlackTeam "Stefanov II"]
[WhiteTeamCountry "SVK"]
[BlackTeamCountry "SVK"]

1. e4 e5 2. Nf3 Nc6 3. Bc4 Nf6 4. d3 Bc5 5. Bg5 d6 6. h3 0-0 7. 0-0 Be6 8. Bb3 b5 9. Nbd2 a5 10. a3 a4 11. Bxe6 fxe6 12. Qc1 d5 13. b3 b4 14. axb4 Bxb4 15. bxa4 h6 16. Bxf6 Rxf6 17. Qb2 dxe4 18. Nxe4 Rf4 19. Nxe5 Nxe5 20. Qxe5 Bd6 21. Nxd6 cxd6 22. Qxf4 Qc7 23. c4 e5 24. Qe4 Qa5 25. Qd5+ Kh7 26. Qxa5 Rxa5 27. f4 g6 28. fxe5 dxe5 29. Rfc1 h5 30. c5 Kh6 31. c6 Ra7 32. c7 Rb7 33. c8Q Rh7 34. Rc7 e4 35. Rxh7+ Kxh7 36. Rb1 Kh6 37. h4 Kg7 38. Qe6 exd3 39. Rb7+ Kf8 40. Qc8# 1-0